00329nam a2200133Ia 4500008004100000020001500041041001200056082001100068100001700079245003600096260003900132300000800171650001600179221030s9999 xx 000 0 und d a8131714020 aEnglish a105.23 aM. Zwolinski 0aDigital System Design With VHDL bPearson EdcuationaNew Delhic2007 a380 aBE Computer